| 000 | 01041nam0a22002531 4500 | ||
|---|---|---|---|
| 001 | rc\735949 | ||
| 005 | 20260407081359.0 | ||
| 035 | _a(NLR Aleph) 006265981 | ||
| 090 |
_a6898699 _c6898699 |
||
| 100 | _a20040301d1985 |||y0rusy50 ca | ||
| 101 | 0 | _arus | |
| 102 | _aRU | ||
| 105 | _aa ||||||||| | ||
| 200 | 1 |
_aПроизводительность труда и технический прогресс на угольных шахтах Кузбасса _eСб. науч. тр. _fКузбас. политехн. ин-т _g[Редкол.: П.В. Егоров (отв. ред.) и др.] |
|
| 210 |
_aКемерово _cКузПИ _d1985 |
||
| 215 |
_a130 с. _cил. _d20 |
||
| 320 | _aБиблиогр. в конце ст. | ||
| 702 | 1 |
_aЕгоров _bП.В. _gПетр Васильевич _4340 |
|
| 712 | 0 | 2 |
_aКузбасский политехнический институт _cКемерово _3RU\NLR\AUTH\886977 _9285930 |
| 801 | 0 |
_aRU _bNLR _gpsbo |
|
| 801 | 1 |
_aRU _bELAR _2rusmarc |
|
| 852 |
_aNLR _j85-3/12156 |
||
| 942 | _cBOOK | ||
| 980 | _aNB | ||